Copenhagen Airport Destinations (Copenhagen, Denmark) - Map - Statistics

General Stats
  • This quiz has been taken 121 times
  • The average score is 152 of 201
Answers on the Map
Answers color-coded by a green-red scale on the quiz's map according to % correct below.
 
Answer Stats
Destination % Correct
Paris (Charles de Gaulle)
99%
Paris (Orly)
99%
Los Angeles
97%
Amsterdam
96%
Bangkok (Suvarnabhumi)
96%
Beijing (Capital)
96%
Lisbon
96%
Miami
96%
Seoul (Incheon)
96%
Singapore
96%
Tokyo (Haneda)
96%
Ankara
95%
Athens
95%
Berlin
95%
Delhi
95%
Dubai (Al Maktoum)
95%
Dubai (International)
95%
London (Gatwick)
95%
London (Heathrow)
95%
London (Stansted)
95%
Madrid
95%
Milan (Linate)
95%
Milan (Malpensa)
95%
New York (JFK)
95%
Nice
95%
Oslo
95%
Porto
95%
Rome (Fiumicino)
95%
San Francisco
95%
Shanghai (Pudong)
95%
Stockholm (Arlanda)
95%
Vienna
95%
Atlanta
93%
Barcelona
93%
Brussels
93%
Edinburgh
93%
Frankfurt
93%
Geneva
93%
Hamburg
93%
Istanbul
93%
Istanbul (Sabiha Gökçen)
93%
Manchester
93%
Munich
93%
Reykjavík
93%
Venice
93%
Washington (Dulles)
93%
Zagreb
93%
Abu Dhabi
92%
Bucharest (Otopeni)
92%
Chicago (O'Hare)
92%
Doha
92%
Dublin
92%
Helsinki
92%
Marseille
92%
Mumbai (Shivaji)
92%
Seattle/Tacoma
92%
Warsaw (Chopin)
92%
Warsaw (Modlin)
92%
Birmingham
90%
Bordeaux
90%
Budapest
90%
Naples
90%
Prague
90%
Riga
90%
Toronto (Pearson)
90%
Zürich
90%
Florence
89%
Kraków
89%
Luxembourg
89%
Sofia
89%
Boston
88%
Düsseldorf
88%
Lyon
88%
Málaga
88%
Montréal (Trudeau)
88%
Nuuk
88%
Tallinn
88%
Turin
88%
Addis Ababa
86%
Gothenburg
86%
Malta
86%
Minneapolis/St. Paul
86%
Newcastle upon Tyne
86%
Valencia
86%
Bergen
85%
Ho Chi Minh City
85%
Philadelphia
85%
Vilnius
85%
Beirut
84%
Gdańsk
84%
Ibiza
84%
Leeds/Bradford
84%
Newark
84%
Palma de Mallorca
84%
Seville
84%
Tel Aviv
84%
Aarhus
82%
Basel/Mulhouse
82%
Bilbao
82%
Sal
82%
Tirana
82%
Antalya
81%
Belgrade
81%
Genoa
81%
Marrakesh
81%
Sarajevo
81%
Split
81%
Stuttgart
81%
Tenerife (South)
81%
Toulouse
81%
Aberdeen
79%
Bristol
79%
Palermo
79%
Pisa
79%
Bari
78%
Bologna
78%
Cairo
78%
Faro
78%
Innsbruck
78%
Salzburg
78%
Skopje
78%
Tbilisi
78%
Thessaloniki
78%
Chișinău
77%
Ljubljana
77%
Aalborg
75%
Funchal
74%
Halifax
74%
İzmir
74%
Nantes
74%
Pristina
74%
Trondheim
74%
Alicante
73%
Billund
73%
Dubrovnik
73%
Gran Canaria
73%
Cluj-Napoca
71%
Montpellier
71%
Wrocław
71%
Catania
70%
Hanover
70%
Heraklion
70%
Stavanger
70%
Verona
70%
Cagliari
68%
Rhodes
68%
Tashkent
68%
Tromsø
68%
Larnaca
67%
Tangier
66%
Bergamo
64%
Eindhoven
64%
Corfu
63%
Erbil
63%
Kaunas
63%
Poznań
62%
Santorini
62%
Turku
60%
Varna
60%
Zadar
60%
Agadir
59%
Chania
59%
Pula
58%
Sharm El Sheikh
58%
Banjul
56%
Hurghada
56%
Rovaniemi
56%
Bodrum
55%
Fuerteventura
55%
Zakynthos
55%
Burgas
53%
Biarritz
52%
Iași
52%
Bornholm
51%
Tivat
51%
Olbia
48%
Bodø
47%
Kristiansand
47%
Visby
47%
Vágar
45%
Bastia
44%
Beauvais
42%
Bolzano
41%
Palanga
41%
Ålesund
40%
Dalaman
38%
Harstad/Narvik
36%
Konya
36%
Kiruna
33%
Kittilä
33%
Sandefjord
33%
Sønderborg
33%
Östersund
32%
Treviso
32%
Boa Vista
29%
Preveza/Lefkada
27%
Gazipaşa
26%
Kangerlussuaq
23%
Karlstad
21%
Narsarsuaq
15%
Sälen-Trysil
4%
No matching quizzes found
Score Distribution
Percent of People with Each Score
Percentile by Number Answered
Your Score History
You have not taken this quiz